| 000 | 00568nam a22002295i 4500 | ||
|---|---|---|---|
| 001 | 19999666 | ||
| 005 | 20180221032845.0 | ||
| 008 | 170914s2017 nyu 000 0 eng | ||
| 010 | _a 2017954931 | ||
| 020 | _a9783319601489 (alk. paper) | ||
| 040 |
_aDLC _beng _erda _cDLC |
||
| 041 | _aeng | ||
| 042 | _apcc | ||
| 080 | _a330 GAR | ||
| 100 | _a52 | ||
| 101 | _aECO | ||
| 245 | 0 | 0 |
_aMacroeconomic theory / _c[edited by] Volker Bohm. |
| 263 | _a1710 | ||
| 906 |
_a0 _bibc _corignew _d2 _eepcn _f20 _gy-gencatlg |
||
| 942 |
_2ddc _cBK |
||
| 999 |
_c42971 _d42971 |
||